Central Library OPAC University of Rajshahi

Replanting the tree of life : (Record no. 66895)

MARC details
000 -LEADER
fixed length control field 01142nam a2200265 a 4500
001 - CONTROL NUMBER
control field 66895
003 - CONTROL NUMBER IDENTIFIER
rucl marc code BD-RjUL
005 - DATE AND TIME OF LATEST TRANSACTION
control field 20211209081607.0
008 - FIXED-LENGTH DATA ELEMENTS--GENERAL INFORMATION
fixed length control field 170320s1992 enka 001 0 eng d
020 ## - INTERNATIONAL STANDARD BOOK NUMBER
International Standard Book Number 0851988156
035 ## - SYSTEM CONTROL NUMBER
System control number (BD-RjUL)67026
040 ## - CATALOGING SOURCE
Original cataloging agency BNB
Language of cataloging eng
Transcribing agency BNB
Modifying agency BD-RjUL
041 ## - LANGUAGE CODE
Language code of text/sound track or separate title eng
082 04 - DEWEY DECIMAL CLASSIFICATION NUMBER
Classification number 634.61072
Edition number 23
Author mark and year PER 1992
100 1# - MAIN ENTRY--PERSONAL NAME
Personal name Persley, G. J.
Fuller form of name (Gabrielle Josephine)
9 (RLIN) 198078
245 10 - TITLE STATEMENT
Title Replanting the tree of life :
Remainder of title towards an international agenda for coconut palm research /
Statement of responsibility, etc. by Gabrielle J. Persley.
260 ## - PUBLICATION, DISTRIBUTION, ETC. (IMPRINT)
Place of publication, distribution, etc. Wallingford :
Name of publisher, distributor, etc. C.A.B. International in association with ACIAR and Technical Advisory Committee of the Consultative Group on International Agricultural Research,
Date of publication, distribution, etc. c1992.
300 ## - PHYSICAL DESCRIPTION
Pagination xii, 156p, [4] p :
Illustrations ill. ;
Size 24 cm.
504 ## - BIBLIOGRAPHY, ETC. NOTE
Bibliography, etc Bibliography: p. 147-151.
650 #0 - SUBJECT ADDED ENTRY--TOPICAL TERM
Topical term or geographic name as entry element Coconut industry.
9 (RLIN) 198079
Geographic subdivision Mexico, Central America
Topical term or geographic name as entry element Coconut palm
General subdivision Research.
9 (RLIN) 198080
710 2# - ADDED ENTRY--CORPORATE NAME
Corporate name or jurisdiction name as entry element Australian Centre for International Agricultural Research.
9 (RLIN) 198081
Corporate name or jurisdiction name as entry element Consultative Group on International Agricultural Research.
Subordinate unit Technical Advisory Committee.
9 (RLIN) 198082
942 ## - ADDED ENTRY ELEMENTS (KOHA)
Source of classification or shelving scheme Dewey Decimal Classification
Koha item type Books
Holdings
Lost status Source of classification or shelving scheme Damaged status Not for loan Collection code Permanent Location Current Location Shelving location Date acquired Source of acquisition Total Checkouts Full call number Date last seen Copy number Koha item type
  Dewey Decimal Classification   Not For Loan Non-fiction Central Library, University of Rajshahi Central Library, University of Rajshahi Reading Room 14/05/2006 Paragogn Enterprise, Dhaka   634.61072 PER 1992 20/03/2017 C-1 Books